[Event "ROM-ch U12"]
[Site "Calimanesti"]
[Date "2015.04.03"]
[Round "6"]
[White "Badulescu, George Alexandru"]
[Black "Balan, Bogdan"]
[Result "0-1"]
[WhiteElo "1395"]
[BlackElo "1244"]
[PlyCount "126"]
[EventDate "2015.03.30"]
[EventType "swiss"]
[EventRounds "9"]
[EventCountry "ROU"]
[SourceTitle "CBM 165 Extra"]
[Source "ChessBase"]
[SourceDate "2015.04.21"]
[SourceVersion "1"]
[SourceVersionDate "2015.04.21"]
[SourceQuality "1"]

1. Nf3 Nc6 2. d4 e6 3. c4 d5 4. Nc3 Nf6 5. Bg5 Be7 6. e3 0-0 7. Bd3 h6 8. Bh4 b6 9. 0-0 Bb7 10. Qc2 Kh8 11. Rfe1 dxc4 12. Bxc4 Nd5 13. Bxe7 Ncxe7 14. e4 Nxc3 15. bxc3 Ng6 16. Rad1 Nh4 17. Be2 Nxf3+ 18. Bxf3 a5 19. c4 Rb8 20. d5 Qe7 21. e5 Qc5 22. Re2 Rfe8 23. Red2 Rbd8 24. dxe6 Rxd2 25. Rxd2 Bxf3 26. exf7 Rf8 27. Qd3 Qxe5 28. gxf3 Qg5+ 29. Kf1 Rxf7 30. Re2 Rf8 31. Qc2 Qf4 32. Kg1 Qxf3 33. Re3 Qf6 34. Re1 Qf5 35. Qd2 Qg5+ 36. Qxg5 hxg5 37. Re5 Rf4 38. c5 Ra4 39. Rxg5 Rxa2 40. cxb6 cxb6 41. Rb5 a4 42. Rxb6 a3 43. Ra6 Kg8 44. Kg2 Kf7 45. Kf3 Ra1 46. Ke2 a2 47. Kd2 Rf1 48. Ra7+ Kg6 49. Ra6+ Kh7 50. Ke2 a1Q 51. Rxa1 Rxa1 52. Kf3 Kg6 53. Kg4 Ra2 54. Kg3 Kf5 55. f3 g5 56. h3 Ra3 57. Kg2 Kf4 58. h4 Rxf3 59. h5 g4 60. h6 Rh3 61. h7 Rxh7 62. Kg1 Kf3 63. Kf1 Rh1# 0-1

[Event "ROM-ch U10"]
[Site "Calimanesti"]
[Date "2014.04.07"]
[Round "2"]
[White "Bulgariu, Andrei"]
[Black "Badulescu, George Alexandru"]
[Result "1-0"]
[WhiteElo "1504"]
[BlackElo "1290"]
[PlyCount "39"]
[EventDate "2014.04.06"]
[EventType "swiss"]
[EventRounds "9"]
[EventCountry "ROU"]
[SourceTitle "CBM 160 Extra"]
[Source "ChessBase"]
[SourceDate "2014.07.01"]
[SourceVersion "1"]
[SourceVersionDate "2014.07.01"]
[SourceQuality "1"]

1. e4 b6 2. Nc3 Bb7 3. d3 e5 4. g3 Nf6 5. Bg2 Bb4 6. Nge2 0-0 7. a3 Bxc3+ 8. Nxc3 Nc6 9. 0-0 Nd4 10. Be3 c5 11. Ne2 d6 12. f4 Ng4 13. Bd2 Qe7 14. Nxd4 cxd4 15. Qxg4 Bc8 16. Qe2 exf4 17. Bxf4 Bb7 18. Bd2 f5 19. Rae1 Rae8 20. Rf2 1-0